Highest Maternal Mortality Rate - Statistics

General Stats
  • This quiz has been taken 14 times
  • The average score is 13 of 15
Answer Stats
% per live births Country % Correct
1.14 Chad
100%
0.562 Mali
100%
0.829 Central African Republic
92%
0.766 Mauritania
92%
0.917 Nigeria
92%
1.12 Sierra Leone
92%
0.829 Somalia
92%
1.15 South Sudan
92%
0.548 Burundi
83%
0.597 Gambia
83%
0.576 Guinea
75%
0.667 Guinea-Bissau
75%
0.661 Liberia
75%
0.617 Ivory Coast
67%
0.638 Afghanistan
58%
No matching quizzes found
Score Distribution
Percent of People with Each Score
Percentile by Number Answered
Your Score History
You have not taken this quiz